000 00551nam a22001937a 4500
003 OSt
005 20150408113916.0
008 110904s 2009jo a | b 00| 0 eng d
040 _cدار اجنادين
082 _221
_a579
_bS S M
100 _aAl-Shinawi, Sahar.
_93780
245 _aMicrobiology /
_cSahar Al-Shinawi, Osama Abu Khalid.
250 _a1st ed.
260 _aAmman, Jordan :
_bAlmujtma arabe,
_c2009
300 _a165 p . :
_bill. :
_c24 cm.
504 _aIncludes referances.
650 _aMicrobiology.
_93781
942 _2ddc
_cDVD
999 _c14033
_d248533